zpět

Detail výsledku týmu

Pivní burza Jánská, Brno

Datum a čas kvízu

28 Celkem bodů Celkový počet nahraných bodů na tomto kvízu bez doplňovacích otázek.
6. Pořadí na kvízu Konečné umístění týmu na tomto kvízu.

Zaznamenané odpovědi

# Otázka Odpověď Body Výsledky
1. Jak se jmenuje stránka na česk... Wikipedia 0
2. Prezident Kazachstánu, který b... Nursultan Nazarbajev 0
3. Osmaosmdesátiletý hollywoodský... Pašerák (The Mule) 0
4. Jak se nazývá inzertní platfor... letgo 1
5. Na programu ČT sport jsme mohl... o krasobruslení 1
6. Dnešní cestovatelské téma se b... Córdoba 1
7. Jak se jmenuje velmi známý špa... Luis Buñuel 1
8. Ze hry Osvobozeného divadla Ru... Sevilla (v Seville) 1
9. Nad městem Granada se vypíná h... Alhambra 0
10. Na obrázku vidíte radnici v př... Juan Carlos I. 0